Finish the Lana Del Rey Song Title - Statistics

General Stats
  • This quiz has been taken 271 times
  • The average score is 13 of 15
Answer Stats
Hint Answer % Correct
West Coast
98%
Summertime Sadness
98%
National Anthem
97%
Video Games
95%
Brooklyn Baby
94%
Cinnamon Girl
92%
Old Money
92%
Watercolor Eyes
88%
White Mustang
88%
Blue Jeans
87%
Burning Desire
83%
Black Beauty
81%
Dark Paradise
80%
Get Free
77%
Florida Kilos
73%
No matching quizzes found
Score Distribution
Percent of People with Each Score
Percentile by Number Answered
Your Score History
You have not taken this quiz